Statistics for Roblox TDS

Click here to take the quiz!

General Stats

  • This quiz has been taken 31 times
  • The average score is 6 of 15

Answer Stats

QuestionAnswer% Correct
What´s the best tower in the game?Accelerator
87%
What tower gives you money?Farm
74%
What does a executioner do?Throws an axe and bounces on enemies.
74%
What´s the second best tower?Golden minigunner
70%
What are black and fast?Fallens
52%
What is the best map for hardcore?Wrecked battlefield
48%
What is the best map?Harbour
43%
Witch tower is the worst tower in this column?Golden scout
35%
What tower is the expensivest to upgrade to max?Ranger
35%
What tower will all people want?Mecha base
30%
If they gave you in game 45k cash what will you do against a frost ravagner?Place a dj to level 3 and try to max all golden minigunners that I can
30%
What is the best event tower in the following question?Executioner
17%
What boss was released in 2020?Frost spirit
17%
When did sledger came out ?None
9%
What tower can slow bosses?Swarmer
9%

Score Distribution

Percentile by Number Answered

Percent of People with Each Score

Your Score History

You have not taken this quiz